Dieu Le Père

Na minha lista:
Detalhes bibliográficos
Autor principal: Bourdin, Dominique
Outros Autores: Souletie, Jean-Louis
Formato: Livro
Idioma:francês
Publicado em: París, Francia Les Editions de l'Atelier 1999
Colecção:Tout Simplement. 25
Assuntos:
Tags: Adicionar Tag
Sem tags, seja o primeiro a adicionar uma tag!

MARC

LEADER 00000cam a2200000 a 4500
001 UCE7585
003 CL-VaPUC
005 20211105074344.0
008 150626e19990000fr |||||||||||||||||fre|d
999 |c 359640  |d 359638 
020 |a 2708234277 
040 |c Pontificia Universidad Católica de Valparaíso 
082 0 4 |a 231 BOU 1999  |2 21 
100 0 |a Bourdin, Dominique  |9 580256 
245 1 0 |a Dieu Le Père 
260 0 3 |a París, Francia  |b Les Editions de l'Atelier  |c 1999 
300 |a 187 páginas 
490 0 |a Tout Simplement.  |v 25 
583 |a last modification  |c 20150702 09:06:44  |k Rodrigo Vera 
600 0 |a Dios  |9 314467 
650 0 |a Teología   |9 258766 
700 0 |a Souletie, Jean-Louis  |9 580257 
942 |c BK  |2 ddc 
945 |d 20150626 15:30:00  |a gsalatino 
952 |0 0  |1 0  |2 ddc  |3 erb  |4 0  |6 231_000000000000000_BOU_1999  |7 0  |8 A  |9 469032  |a BIBTEO  |b BIBTEO  |e Casale Rolle, Carlos Ignacio, -2014  |i 5183197  |o 231 BOU 1999  |p 5183197  |r 2025-01-17  |t 1  |w 2019-11-23  |y BK  |z Catalogado en:20150626  |k ICR